MARC

LEADER 00000nam0a2200000 4500
001 301112
005 20231102001353.0
035 |a (RuTPU)RU\TPU\book\326265 
090 |a 301112 
100 |a 20150723d1981 k y0rusy50 ca 
101 0 |a rus 
102 |a BY 
105 |a a z 001zy 
200 1 |a Новое о геологическом строении территории БССР  |e сборник научных трудов  |f Белорусский научно-исследовательский геологоразведочный институт ; под ред. А. М. Синички 
210 |a Минск  |c Изд-во БелНИГРИ  |d 1981 
215 |a 163 с.  |c ил. 
320 |a Библиография в конце статей 
606 |a Геология структурная  |2 stltpush  |3 (RuTPU)RU\TPU\subj\6122  |9 34080 
610 1 |a Белорусская ССР 
610 1 |a геологические исследования 
610 1 |a нефть 
610 1 |a газ 
610 1 |a габброиды 
610 1 |a метаморфизм 
610 1 |a брахиоподы 
610 1 |a стратиграфия 
610 1 |a литология 
610 1 |a меловые отложения 
610 1 |a биостратиграфия 
610 1 |a девонские отложения 
610 1 |a Припятский прогиб 
675 |a 551.243  |v 4 
702 1 |a Синичка  |b А. М.  |4 340 
712 0 2 |a Белорусский научно-исследовательский геологоразведочный институт  |2 stltpush  |3 (RuTPU)RU\TPU\col\7965  |9 24442 
801 1 |a RU  |b 63413507  |c 20150723 
801 2 |a RU  |b 63413507  |c 20180620  |g RCR 
942 |c BK